000 05465cam a2200433 i 4500
999 _c57450
_d57450
001 20506624
005 20200623124544.0
008 180522s2020 maua b 001 0 eng
010 _a 2018023772
020 _a9781284128352
_q(paperback)
040 _aDLC
_beng
_cDLC
_erda
_dDLC
041 _aeng
042 _apcc
050 0 0 _aRA651
_b.A83 2020
080 _a614.4 A-84
082 0 0 _a614.4
_223
084 _aEDU000000
_2bisacsh
100 1 _aAschengrau, Ann,
_eauthor.
_98679
245 1 0 _aEssentials of epidemiology in public health /
_cAnn Aschengrau, ScD, Professor, Department of Epidemiology, Boston University School of Public Health, Boston, Massachusetts, George R. Seage III, DSc, Professor of Epidemiology, Harvard T.H. Chan Scholl of Public Health, Boston, Massachusetts.
250 _aFourth edition.
264 1 _aBurlington, MA :
_bJones & Bartlett Learning,
_c[2020]
300 _axi, 528 pages :
_billustrations (some color) ;
_c23 cm
336 _atext
_btxt
_2rdacontent
337 _aunmediated
_bn
_2rdamedia
338 _avolume
_bnc
_2rdacarrier
504 _aIncludes bibliographical references and index.
520 _a" Successfully tested in the authors' courses at Boston University and Harvard University, Essentials of Epidemiology in Public Health, Fourth Edition combines theory and practice in presenting traditional and new epidemiologic concepts. Broad in scope, the text opens with five chapters covering the basic epidemiologic concepts and data sources. A major emphasis is placed on study design, with separate chapters devoted to each of the three main analytic designs: experimental, cohort, and case-control studies. Full chapters on bias, confounding, and random error, including the role of statistics in epidemiology, ensure that students are well-equipped with the necessary information to interpret the results of epidemiologic studies. An entire chapter is also devoted to the concept of effect measure modification, an often-neglected topic in introductory textbooks. Up-to-date examples from the epidemiologic literature on diseases of public health importance are provided throughout the book. The Fourth Edition retains its familiar 17-chapter structure but adds some important updates: Updated statistics and data throughout. Descriptions of recent infectious disease outbreaks such as Ebola and Zika in the chapter on Descriptive Epidemiology. More information on investigating infectious disease outbreaks. Examples used to illustrate epidemiological principles have been updated and add greater emphasis on social factors that influence health. Straightforward descriptions of the latest epidemiologic methods including mediation analysis, agent-based modelling, and the use of directed acyclic graphs (DAGs) to assess confounding. New figures and graphs to llustrate epidemiologic principles. More information and links to on-line resources in the chapter on Sources of Public Health Data. More subheadings and improved readability. Five to ten new questions in each set of chapter questions, many of which involve critical thinking and/or calculations to help students achieve a greater depth of understanding. Enhanced and updated instructor support materials "--
_cProvided by publisher.
520 _a"Essentials of Epidemiology in Public Health, Fourth Edition combines theory and practice in presenting traditional and new epidemiologic concepts. Broad in scope, the text opens with five chapters covering the basic epidemiologic concepts and data sources. A major emphasis is placed on study design, with separate chapters devoted to each of the three main analytic designs: experimental, cohort, and case-control studies. Full chapters on bias, confounding, and random error, including the role of statistics in epidemiology, ensure that students are well-equipped with the necessary information to interpret the results of epidemiologic studies. An entire chapter is also devoted to the concept of effect measure modification, an often-neglected topic in introductory textbooks. Up-to-date examples from the epidemiologic literature on diseases of public health importance are provided throughout the book. The Fourth Edition retains its familiar 17-chapter structure but adds some important updates: Updated statistics and data throughout Descriptions of recent infectious disease outbreaks such as Ebola and Zika in the chapter on Descriptive Epidemiology. More information on investigating infectious disease outbreaks. Examples used to illustrate epidemiological principles have been updated and add greater emphasis on social factors that influence health. Straightforward descriptions of the latest epidemiologic methods including mediation analysis, agent-based modelling, and the use of directed acyclic graphs (DAGs) to assess confounding. New figures and graphs to illustrate epidemiologic principles"--
_cProvided by publisher.
650 0 _aEpidemiology.
_98680
650 0 _aPublic health.
_98681
650 0 _aSocial medicine.
_98682
650 7 _aEDUCATION / General.
_2bisacsh
_98683
653 _aეპიდემიოლოგია
653 _aმედიცინა
700 1 _aSeage, George R.,
_eავტორი
_98684
906 _a7
_bcbc
_corignew
_d1
_eecip
_f20
_gy-gencatlg
942 _2udc
_cBK
955 _brl11 2018-05-22
_irl11 2018-05-22 ONIX to Dewey
_axn11 2019-04-17 1 copy rec'd., to CIP ver.
_arl00 2019-04-18 to SMA
_arl46 2019-04-18